Matemática debaixo d'água: 2º ciclo

Salvato in:
Dettagli Bibliografici
Autore principale: Correia, Leonor Teresa Rodrigues Vicente de Sousa
Altri autori: Filipe, Patricia Sousa, Sara de
Natura: Sconosciuto
Lingua:portoghese
Pubblicazione: Lisboa Oceanário 2003
Edizione:1ª ed
Catalogo:MANES:  Risultati della ricerca del catalogo della biblioteca
Libro di testo Classificazione:
Serie:Atelier dos oceanos
Tags: Aggiungi Tag
Nessun Tag, puoi essere il primo ad aggiungerne!!
Aggiunto a:2016-04-26
Cambiato in:2025-04-25

MARC

LEADER 000000000a22000000004500
001 26277
003 OSt
005 20250425111406.0
008 160427s pt ||||| |||| 00| 0 por d
040 |c centro_manes 
041 1 |a por 
100 1 |a Correia, Leonor Teresa Rodrigues Vicente de Sousa  |9 15104 
245 0 0 |a Matemática debaixo d'água: 2º ciclo 
250 |a 1ª ed 
260 3 |a Lisboa  |b Oceanário  |c 2003 
300 |a 16 p.  |c 21 cm 
440 |a Atelier dos oceanos  |9 15105 
561 |5 pt-BNP  |a Portugal. Biblioteca Nacional de Portugal  |k MANES 
690 0 |a MATE 
691 |a SE 
700 1 |a Filipe, Patricia  |9 15106  |a Sousa, Sara de  |9 15107 
942 |2 ddc  |c BK 
546 |a Portugal 
999 |c 27739  |d 27739 
999 |c manes:27739  |d 27739